h1

h2

h3

h4

h5
h6
000855721 001__ 855721
000855721 005__ 20260303091007.0
000855721 037__ $$aRWTH-2022-10384
000855721 041__ $$aGerman
000855721 1001_ $$0P:(DE-82)IDM00802$$aRotte, Ralph$$b0$$urwth
000855721 245__ $$aPutin im Erpressermodus$$honline
000855721 250__ $$aStand: 29.09.2022
000855721 260__ $$c2022
000855721 29510 $$aIB RR | International Relations & Current Affairs : Politik-Blog / von Prof. Ralph Rotte
000855721 3367_ $$012$$2EndNote$$aWeb Page
000855721 3367_ $$0PUB:(DE-HGF)37$$2PUB:(DE-HGF)$$aWebsite$$bweb$$mweb$$xBlog
000855721 3367_ $$2BibTeX$$aONLINE
000855721 3367_ $$2DINI$$aWebsite
000855721 3367_ $$2DataCite$$aOutput Types/Website
000855721 3367_ $$2ORCID$$aONLINE_RESOURCE
000855721 500__ $$aZuerst gesehen am 16.11.2022
000855721 591__ $$aGermany
000855721 7870_ $$0RWTH-2022-06261$$aRotte, Ralph$$d2022$$iHasPart$$tIB RR - International Relations & Current Affairs
000855721 8564_ $$uhttps://ibrr.de/putin-im-erpressermodus$$yWebsite
000855721 909CO $$ooai:publications.rwth-aachen.de:855721$$pVDB
000855721 9101_ $$0I:(DE-588b)36225-6$$6P:(DE-82)IDM00802$$aRWTH Aachen$$b0$$kRWTH
000855721 9141_ $$y2022
000855721 9201_ $$0I:(DE-82)771220_20170119$$k771220$$lLehr- und Forschungsgebiet Internationale Beziehungen$$x0
000855721 961__ $$c2022-11-16T11:09:25.979109$$x2022-11-16T11:09:25.979109$$z2022-11-16
000855721 980__ $$aI:(DE-82)771220_20170119
000855721 980__ $$aUNRESTRICTED
000855721 980__ $$aVDB
000855721 980__ $$aweb